000 00490nam a2200193 a 4500
001 1770282761452
003 YourLibrary
005 20260205144420.0
008 260205s1997##################000#0#eng##
020 _a9780415136754
082 0 4 _a306
_bMAN
100 1 _aMannheim, Karl,
_eauthor.
245 1 0 _aStructures of Thinking :
260 _bPsychology Press,
_c1997.
300 _a308 pages
650 0 _aEducation.
942 _cENGLISH
040 _aYourLibrary
_beng
_cYourLibrary
999 _c610280
_d610280